| 000 | 01054njm a22002777a 4500 | ||
|---|---|---|---|
| 005 | 20100901151923.0 | ||
| 006 | a|||||r|||||00| 0 | ||
| 007 | sd ammalaaahaa | ||
| 008 | 100831t xxu||||| |||| 00| 0 hin d | ||
| 028 |
_aN.35740 _bHis Master's Voice |
||
| 028 |
_aOML. 5391 _bHis Master's Voice |
||
| 028 | _bHis Master's Voice | ||
| 035 | _aGR-154 | ||
| 040 | _aSED/VEN | ||
| 100 |
_aMukesh Chand _917804 |
||
| 245 |
_aRoothi hui takdir ko Part 1 / _cby Mukesh Chand [and] Madhukar rajasthanikrit _h[Gramophone Recording] : |
||
| 246 | _a (रूठी हुई तक़दीर को ) पार्ट १ | ||
| 260 |
_aDum Dum, India _bHis Master's Voice |
||
| 300 |
_a1 sound disc : _banalog, 33 1/3 rpm _c10 in. |
||
| 500 | _aBrief records. | ||
| 505 | _aAbad raho mere (आबाद रहो मेरे ) पार्ट २ | ||
| 650 |
_aClassical music _xExcerpts _zIndia _917805 |
||
| 700 |
_aMadhukar rajasthanikrit _917953 |
||
| 942 |
_2ddc _cGR |
||
| 999 |
_c43419 _d43419 |
||